00000000nam 2200000za 4500
0019.593918
003CaOODSP
00520221107134131
007cr |||||||||||
008150406s2001||||xxc ||||o    f000 0 fre d
040 |aCaOODSP|bfre
043 |an-cn---
0861 |aYM32-5/01-7F-PDF
1001 |aRossignol, Michel.
24510|aProtection des infrastructures essentielles et protection civile |h[ressource électronique] / |cMichel Rossignol.
260 |a[Ottawa] : |bDirection de la recherche parlementaire, Bibliothèque du Parlement, |c2001.
300 |a[3] p.
4901 |aEn bref ;|vPRB 01-7F
500 |a« Le 28 juin 2001. »
500 |aTitre de depart.
500 |aPublié aussi en anglais sous le titre : Critical infrastructure protection and emergency preparedness.
590 |a07-01-Supp|b2007-01-31
69107|aProtection civile|2gcpds
7101 |aCanada.|bBibliothèque du Parlement. |bDirection de la recherche parlementaire.
77508|tCritical infrastructure protection and emergency preparedness / |w(CaOODSP)9.561315
830#0|aEn bref (Canada. Direction de la recherche parlementaire : En ligne)|vPRB 01-7F|w(CaOODSP)9.829002
85640|ahttp://publications.gc.ca|qPDF|s93 Ko|uhttps://publications.gc.ca/collections/Collection-R/LoPBdP/EB-f/prb017-f.pdf|yPRB 01-7F